| 000 | 00179nam a22000737a 4500 | ||
|---|---|---|---|
| 999 |
_c24350 _d24350 |
||
| 003 | NUST | ||
| 005 | 20170529124902.0 | ||
| 008 | 140519b xxu||||| |||| 00| 0 eng d | ||
| 020 | _cAvailable | ||
| 040 |
_aDLC _bDLC _cRCMS |
||
| 050 | _a658 BOV | ||
| 082 | _a658 BOV | ||
| 100 |
_aCourtland L Bovee _91516 |
||
| 245 |
_aManagement _cCourtland L Bovee |
||
| 300 |
_axxv, 724 p. : _bill, ; _c26 cm. |
||
| 440 |
_aManagement _91517 |
||
| 538 | _iShelf # 13, Row # 4, Fiction. | ||
| 856 | _3Table of Contents Only. | ||
| 942 |
_2ddc _cBK _h658 BOV |
||